000 00957cam a2200289 a 4500
020 _a9780821375877
020 _a0821375873
020 _a9780821375884 (electronic)
020 _a0821375881 (electronic)
040 _cDLC
082 0 0 _a338 GEN 2009 C106 Or.
245 0 0 _aGender in agriculture sourcebook /
260 _aWashington, D.C. :
_bWorld Bank,
_cc2009.
300 _axxiv, 764 p. :
_bill. ;
_c28 cm.
490 1 _aAgriculture and rural development
650 0 _aWomen in agriculture.
650 0 _aWomen agricultural laborers.
650 0 _aAgricultural laborers.
650 0 _aWomen in agriculture
650 0 _aWomen agricultural laborers
650 0 _aAgricultural laborers
710 2 _aWorld Bank.
710 2 _aFood and Agriculture Organization of the United Nations.
710 2 _aInternational Fund for Agricultural Development.
856 4 1 _uhttp://www.loc.gov/catdir/toc/ecip0821/2008026383.html
942 _cAEDBB
999 _c20927
_d20927